Haiti... vai Dominikaaninen tasavalta? - Statistics

Yleistilastot
  • Tätä visaa on pelattu 320 kertaa
  • Keskiarvotulos 12 / 15
Vastaustilastot
Kysymys Vastaus % Oikein
Tunnetaan voodoosta Haiti
94%
Maanjäristys tappoi siellä yli 100 000 ihmistä vuonna 2010 Haiti
91%
Sen pääkaupunki on Santo Domingo Dominikaaninen tasavalta
89%
Sijaitsee kauempana idässä Dominikaaninen tasavalta
85%
Oli Ranskan siirtomaa Haiti
85%
On näistä pinta-alaltaan suurempi Dominikaaninen tasavalta
83%
Muotisuunnittelija Oscar de la Renta syntyi siellä Dominikaaninen tasavalta
83%
Sillä on korkeampi BKT asukasta kohden Dominikaaninen tasavalta
81%
Diktaattorit "Papa Doc" ja "Baby Doc" hallitsivat valtiota aikoinaan Haiti
79%
Baseball on maan suosituin urheilulaji Dominikaaninen tasavalta
72%
Sillä on kaksi virallista kieltä Haiti
70%
Itsenäistyi näistä kahdesta ensimmäisenä Haiti
68%
95 % sen väestöstä on tummaihoisia Haiti
66%
Eurooppalaisten ensimmäinen pysyvä asutus sijaitsi sen alueella Dominikaaninen tasavalta
55%
Tunnetaan sikareistaan Dominikaaninen tasavalta
49%
Ehtoja vastaavia visoja ei löytynyt
Tulosjakauma
Jokaisen tuloksen saaneiden osuus
Persentiili vastausten määrän mukaan
Tuloshistoriasi
Et ole pelannut tätä visaa